[Event "POL-ch U18 Girls"]
[Site "Jastrzebia Gora"]
[Date "2023.??.??"]
[Round "3"]
[White "Bugaj, Hanna"]
[Black "Bychowska, Marta"]
[Result "1/2-1/2"]
[WhiteElo "1639"]
[BlackElo "1388"]
[PlyCount "83"]
[EventDate "2023.03.11"]
[EventType "swiss"]
[EventRounds "9"]
[EventCountry "POL"]
[SourceTitle "CBM 213 Extra"]
[Source "ChessBase"]
[SourceDate "2023.05.31"]
[SourceVersion "1"]
[SourceVersionDate "2023.05.31"]
[SourceQuality "1"]

1. d4 d5 2. c4 e6 3. Nc3 Nf6 4. cxd5 exd5 5. Bg5 Be7 6. e3 h6 7. Bf4 Bf5 8. h3 c6 9. Bd3 Bxd3 10. Qxd3 Bd6 11. Bxd6 Qxd6 12. Nf3 Nbd7 13. a3 Nb6 14. Nd2 0-0 15. 0-0 Rfe8 16. b4 a6 17. Rfb1 Qe6 18. a4 Nc4 19. b5 axb5 20. axb5 Nxd2 21. Qxd2 Ne4 22. Nxe4 Qxe4 23. bxc6 bxc6 24. Qc3 Rec8 25. Rc1 Rxa1 26. Rxa1 Qe7 27. Ra5 Qd6 28. Qc5 Qxc5 29. Rxc5 Kf8 30. f3 Ke7 31. Kf2 Kd6 32. e4 dxe4 33. fxe4 f6 34. Kf3 Ra8 35. Rc3 Ra4 36. Rd3 Ra5 37. Kf4 Ke6 38. Rc3 Kd6 39. g3 h5 40. Rb3 g5+ 41. Kf3 Ra4 42. Rd3 1/2-1/2

[Event "POL-ch U18 Girls"]
[Site "Jastrzebia Gora"]
[Date "2023.??.??"]
[Round "6"]
[White "Lochina, Justyna"]
[Black "Bychowska, Marta"]
[Result "1/2-1/2"]
[WhiteElo "1645"]
[BlackElo "1388"]
[PlyCount "61"]
[EventDate "2023.03.11"]
[EventType "swiss"]
[EventRounds "9"]
[EventCountry "POL"]
[SourceTitle "CBM 213 Extra"]
[Source "ChessBase"]
[SourceDate "2023.05.31"]
[SourceVersion "1"]
[SourceVersionDate "2023.05.31"]
[SourceQuality "1"]

1. e4 e5 2. Nf3 Nf6 3. Nc3 Nc6 4. Bb5 Nd4 5. Bc4 Nxf3+ 6. Qxf3 Bc5 7. d3 0-0 8. Bg5 Be7 9. Bxf6 Bxf6 10. Nd5 d6 11. 0-0 c6 12. Nxf6+ Qxf6 13. Qxf6 gxf6 14. f4 Be6 15. Bb3 Bxb3 16. axb3 a6 17. Rae1 Rae8 18. Re3 Re7 19. g4 Kg7 20. h4 h6 21. Rg3 Re6 22. g5 hxg5 23. f5 Ree8 24. hxg5 fxg5 25. f6+ Kh6 26. Rf5 Rg8 27. Rh3+ Kg6 28. Rg3 Kh5 29. Rh3+ Kg6 30. Rg3 Kh5 31. Rh3+ 1/2-1/2

[Event "POL-ch U18 Girls"]
[Site "Sypniewo"]
[Date "2022.03.22"]
[Round "4"]
[White "Libura, Julianna"]
[Black "Bychowska, Marta"]
[Result "1/2-1/2"]
[WhiteElo "1590"]
[BlackElo "1374"]
[PlyCount "67"]
[EventDate "2022.03.19"]
[EventType "swiss"]
[EventRounds "9"]
[EventCountry "POL"]
[SourceTitle "CBM 207 Extra"]
[Source "ChessBase"]
[SourceDate "2022.05.31"]
[SourceVersion "1"]
[SourceVersionDate "2022.05.31"]
[SourceQuality "1"]

1. d4 d5 2. Nf3 e6 3. c4 Nf6 4. Nc3 Be7 5. Bf4 c6 6. e3 0-0 7. Bd3 dxc4 8. Bxc4 b5 9. Bd3 a6 10. 0-0 Bb7 11. Rc1 Nbd7 12. e4 c5 13. d5 exd5 14. exd5 c4 15. d6 cxd3 16. dxe7 Qxe7 17. Qxd3 Nc5 18. Qd6 Qxd6 19. Bxd6 Rfc8 20. Rfd1 Nce4 21. Nxe4 Nxe4 22. Bf4 Rxc1 23. Rxc1 Rc8 24. Kf1 Rxc1+ 25. Bxc1 Kf8 26. Ke2 Ke7 27. g3 Bd5 28. a3 Nc5 29. Nd2 Nb3 30. Nxb3 Bxb3 31. Bd2 g6 32. Bc3 Ke6 33. Ke3 Kd5 34. Bb4 1/2-1/2

[Event "POL-ch U17 Girls Qual"]
[Site "Jastrzebia Gora"]
[Date "2021.11.21"]
[Round "9"]
[White "Szewczyk, Malwina"]
[Black "Bychowska, Marta"]
[Result "1/2-1/2"]
[WhiteElo "1409"]
[BlackElo "1328"]
[PlyCount "117"]
[EventDate "2021.11.15"]
[EventType "swiss"]
[EventRounds "9"]
[EventCountry "POL"]
[SourceTitle "EXT 2023"]
[Source "ChessBase"]
[SourceDate "2022.10.05"]
[SourceVersion "1"]
[SourceVersionDate "2022.10.05"]
[SourceQuality "1"]

1. d4 d5 2. Nf3 c6 3. e3 Nf6 4. Bd3 e6 5. Nbd2 Nbd7 6. 0-0 Bd6 7. c3 0-0 8. e4 dxe4 9. Nxe4 Nxe4 10. Bxe4 h6 11. Bc2 Nf6 12. Qe2 b6 13. Ne5 Qc7 14. Bf4 Bb7 15. Qd3 Rfe8 16. Rae1 Kf8 17. Qh3 Ng8 18. Qg3 Rad8 19. c4 g5 20. Bxg5 hxg5 21. Qxg5 Bxe5 22. dxe5 Qe7 23. Qh5 Rd4 24. Re4 Red8 25. Rg4 Rxg4 26. Qxg4 Qe8 27. Bh7 Ke7 28. Qg5+ f6 29. Qg7+ Qf7 30. Qh8 fxe5 31. Bxg8 Rxg8 32. Qxe5 Qg7 33. Qc7+ Kf6 34. Qf4+ Kg6 35. Re1 Qf6 36. Qg4+ Kf7 37. Qe4 Qf5 38. Qxf5+ exf5 39. f3 Rd8 40. Re2 Rd4 41. b3 a5 42. Kf2 Rd7 43. h4 Kf6 44. Kg3 Ba6 45. Rc2 Rd4 46. Rc3 a4 47. Kh3 Rd2 48. bxa4 Rxa2 49. Rb3 Bxc4 50. Rxb6 Bd5 51. Ra6 Ke5 52. Ra7 Ra1 53. Kh2 Kf4 54. a5 c5 55. a6 c4 56. Rd7 Ke5 57. a7 c3 58. Rc7 Kd4 59. h5 1/2-1/2

[Event "Wloclawek CC Classic 21st"]
[Site "Wloclawek"]
[Date "2018.??.??"]
[Round "7"]
[White "Czekalski, Pawel"]
[Black "Bychowska, Marta"]
[Result "0-1"]
[WhiteElo "1164"]
[BlackElo "1218"]
[PlyCount "104"]
[EventDate "2018.06.??"]
[EventType "swiss"]
[EventRounds "7"]
[EventCountry "POL"]
[SourceTitle "EXT 2021"]
[Source "ChessBase"]
[SourceDate "2020.10.23"]
[SourceVersion "1"]
[SourceVersionDate "2020.10.23"]
[SourceQuality "1"]

1. Nf3 d5 2. d4 e6 3. e3 c5 4. Bb5+ Bd7 5. Bxd7+ Qxd7 6. c3 Nf6 7. Ne5 Qc7 8. g4 Bd6 9. f4 Bxe5 10. fxe5 Ne4 11. Qf3 Nc6 12. 0-0 0-0 13. Nd2 Nxd2 14. Bxd2 Ne7 15. h4 f6 16. Qg3 cxd4 17. exd4 fxe5 18. Bg5 Ng6 19. h5 Nf4 20. Rae1 h6 21. Bxf4 exf4 22. Qd3 Rae8 23. Re5 Qe7 24. Qh3 b5 25. Rfe1 Qf6 26. g5 hxg5 27. Rxe6 Rxe6 28. Rxe6 Qf5 29. Qxf5 Rxf5 30. Ra6 f3 31. Kf2 g4 32. Rg6 Rxh5 33. Rxg4 Rh2+ 34. Kxf3 Rxb2 35. Ke3 Rxa2 36. Rg5 a5 37. Rxd5 b4 38. Rd8+ Kh7 39. c4 b3 40. Rb8 a4 41. Kd3 g5 42. c5 Rc2 43. d5 Rxc5 44. Kd4 Rc2 45. d6 b2 46. Rb7+ Kg6 47. d7 Rd2+ 48. Kc3 b1Q 49. Rxb1 Rxd7 50. Rb6+ Kh5 51. Kb4 Rd1 52. Ka5 a3 0-1

[Event "Wloclawek CC Classic 21st"]
[Site "Wloclawek"]
[Date "2018.??.??"]
[Round "2"]
[White "Laszewska, Katarzyna"]
[Black "Bychowska, Marta"]
[Result "1-0"]
[WhiteElo "1253"]
[BlackElo "1218"]
[PlyCount "59"]
[EventDate "2018.06.??"]
[EventType "swiss"]
[EventRounds "7"]
[EventCountry "POL"]
[SourceTitle "EXT 2021"]
[Source "ChessBase"]
[SourceDate "2020.10.23"]
[SourceVersion "1"]
[SourceVersionDate "2020.10.23"]
[SourceQuality "1"]

1. d4 Nf6 2. Bf4 g6 3. e3 Bg7 4. c4 0-0 5. Nc3 d6 6. Be2 c5 7. d5 Qb6 8. Qb3 Qxb3 9. axb3 a6 10. f3 Nh5 11. Bg5 f6 12. Bh4 g5 13. g4 gxh4 14. gxh5 e5 15. Bd3 f5 16. Nge2 Bd7 17. Rg1 Kh8 18. Na4 h6 19. Nb6 Ra7 20. Nxd7 Nxd7 21. Nc3 f4 22. Nb5 Raa8 23. Nxd6 fxe3 24. Nf5 Rg8 25. Ne7 Rge8 26. d6 e4 27. Bxe4 Bxb2 28. Ng6+ Kh7 29. Ne5+ Kh8 30. Nf7# 1-0

[Event "Wloclawek CC Classic 19th"]
[Site "Wloclawek"]
[Date "2017.??.??"]
[Round "5"]
[White "Bychowska, Marta"]
[Black "Milecki, Robert"]
[Result "0-1"]
[WhiteElo "1202"]
[BlackElo "1515"]
[PlyCount "42"]
[EventDate "2017.06.??"]
[EventType "swiss"]
[EventRounds "7"]
[EventCountry "POL"]
[SourceTitle "EXT 2021"]
[Source "ChessBase"]
[SourceDate "2020.10.23"]
[SourceVersion "1"]
[SourceVersionDate "2020.10.23"]
[SourceQuality "1"]

1. e4 e5 2. Nf3 Nc6 3. Nc3 Bc5 4. Bc4 d6 5. 0-0 Bg4 6. h3 Bh5 7. g4 Bg6 8. d3 Qd7 9. Be3 Bxe3 10. fxe3 h5 11. Ng5 f6 12. Be6 Qd8 13. Nf3 hxg4 14. Bxg4 Nh6 15. Nh4 Bf7 16. Bh5 Qd7 17. Nd5 Qxh3 18. Nxc7+ Kd7 19. Nxa8 Qxh4 20. Bxf7 Qg3+ 21. Kh1 Ng4+ 0-1